| 000 | 00400nam a2200121Ia 4500 | ||
|---|---|---|---|
| 008 | 160523s9999 xx 000 0 und d | ||
| 100 | _aWesselius, Jaap. | ||
| 245 | _aExchange 2010 SP1 - A Practical Approach | ||
| 245 | _cJaap Wesselius. | ||
| 260 | _c2011 | ||
| 650 | _xInformation Technology. | ||
| 856 | _uhttps://www.simple-talk.com/books/sysadmin-books/exchange-2010-sp1---a-practical-approach/ | ||
| 999 |
_c294762 _d294762 |
||